|
|
|
|
| LEADER |
00760nam a2200217 i 4500 |
| 001 |
c000130913 |
| 003 |
CARM |
| 005 |
00000000000000.0 |
| 008 |
850226s1971 ag 0 eng d |
| 019 |
1 |
|
|a 10228613
|5 LACONCORD2021
|
| 035 |
|
|
|a (OCoLC)7526173
|5 LACONCORD2021
|
| 100 |
1 |
|
|a Lara, Jesus.
|
| 245 |
1 |
0 |
|a Guerrillero Inti.
|
| 260 |
|
|
|a La Paz :
|b Los Amigos del Libro,
|c [1971].
|
| 300 |
|
|
|a 258 p. :
|b illus.
|
| 490 |
0 |
|
|a Coleccion Biografia boliviana
|
| 500 |
|
|
|a Bibliography: p. [259].
|
| 600 |
1 |
0 |
|a Peredo, Inti.
|
| 852 |
8 |
|
|b CARM
|h A2:AF35G0
|i A00508
|p 0072603
|f BK
|
| 999 |
f |
f |
|i d97f9664-e83c-5077-b83c-a1af00f268dc
|s 82ecab2d-430d-56d0-bb43-65d4a9b55f68
|
| 952 |
f |
f |
|p Can circulate
|a CAVAL
|b CAVAL
|c CAVAL
|d CARM 1 Store
|e A00508
|f A2:AF35G0
|h Other scheme
|i book
|m 0072603
|